Music Quiz

Random Music or Song Quiz

Two Door Cinema Club Songs Quiz Stats

 Plays Quiz not verified by Sporcle

Support Sporcle.
Go Orange.
Score 0/10 Timer 04:00
0 Plays Today
% Correct
What You Know
87%
Undercover Martyn
85.5%
Something Good Can Work
76.4%
I Can Talk
74%
Cigarettes In The Theatre
67.3%
Eat That Up, Its Good For You
61.4%
This Is The Life
59.8%
Come Back Home
56.5%
Do You Want It All?
53.1%
You Are Not Stubborn
27.4%

You're not logged in!

Compare scores with friends on all Sporcle quizzes.
OR
Log In

From the Vault

Foods That Are Yellow

by triplet_3

If you're ever looking for a food to back you up in a gunfight, don't choose any of these guys.
Remove Ads.
Support Sporcle.
Get the best of Sporcle when you Go Orange. This ad-free experience offers more features, more stats, and more fun while also helping to support Sporcle. Thank you for becoming a member.

Show Comments

Extras

Created Feb 20, 2011ReportNominate
Tags:Song Quiz, club, door

Top Quizzes Today


Score Distribution

Your Account Isn't Verified!

In order to create a playlist on Sporcle, you need to verify the email address you used during registration. Go to your Sporcle Settings to finish the process.

Report this User

Report this user for behavior that violates our Community Guidelines.

Details: